00689nam a22001937a 450000500170000001000150001702000120003203500140004403700130005808200080007110000410007924500590012026000460017927000760022530000210030194200220032299900190034495201320036320230912103253.0 aENG-137837 c1199.00 aEN-121369 bDBAD/PUB a338 aReddy,Sabbella Sivannarayana 956263 aEast Godavari Yatra /cby Sabbella Sivannarayana Reddy aKakinadabShri Vinayak Publication c2013 a Sudhita Book Centre ,Opp. Super Bazar Main RoadbKakinadak9848095060 a183p.c28cm(hbk) 2ddccENmREDh338 c197287d197287 001040718REFaDBADbLd2023-08-21eDBAD/PUBg1199.00l0o338 REDpEN-121369r2023-08-21 00:00:00t1v1199.00w2023-08-21yEN